000
00221nam a22000857a 4500
008
160718b xxu||||| |||| 00| 0 eng d
100
_9
3019
_a
Gupta, V
245
_a
The Bicycle Story
260
_a
New Delhi
_b
Vigyand Prasar
_c
2001
999
_c
2582
_d
2582